Loading...
LEADER 00859nam a22002417a 4500
003 OSt
020 |a 9789327268096 
082 |a 632  |b THI/DI 
100 |a Thind, T S 
245 |a Diseases of fruits and vegetables and their management 
250 |a 2 
260 |a New Delhi  |b Kalyani Publishers  |c 2016 
300 |a 454p 
534 |n 2001 
546 |a English 
650 |a Diseases of pome fruits and their management 
650 |a Diseases of stone fruits and their management 
650 |a Diseases of mango and their management 
650 |a Diseases of citrus and their management 
650 |a Diseases of grapes and their management 
942 |2 ddc  |c BK 
999 |c 157046  |d 157046 
952 |0 0  |1 0  |2 ddc  |4 0  |6 632_000000000000000_THIDI  |7 0  |8 Gen  |9 156401  |a KAUCLV  |b KAUCLV  |c GENERAL  |d 2017-07-25  |g 650.00  |l 5  |o 632 THI/DI  |p 226869  |r 2019-02-26  |s 2019-02-26  |w 2017-07-25  |y BK